Luyện dịch Hoa Việt - Việt Hoa /
Gespeichert in:
| 1. Verfasser: | |
|---|---|
| Weitere Verfasser: | |
| Format: | Buch |
| Sprache: | Vietnamese Chinese |
| Veröffentlicht: |
Hà Nội :
Văn hoá Thông tin,
2008.
|
| Schlagworte: | |
| Tags: |
Tag hinzufügen
Keine Tags, Fügen Sie den ersten Tag hinzu!
|
| Thư viện lưu trữ: | Mạng thư viện Đại học Đà Nẵng |
|---|
| LEADER | 01041nam a2200325 a 4500 | ||
|---|---|---|---|
| 001 | 000041795 | ||
| 003 | 32585 | ||
| 005 | 20201106095632.0 | ||
| 008 | 171030s2008 | ||
| 020 | |c 47000 | ||
| 040 | |a Lnn |c Lnn |d Lnn | ||
| 041 | 0 | |a vie |a chi | |
| 082 | 1 | 4 | |a 495.1802 |b TR-L |
| 100 | 1 | |a Trần, Thị Thanh Liêm. | |
| 245 | 1 | 0 | |a Luyện dịch Hoa Việt - Việt Hoa / |c Trần Thị Thanh Liêm, Trần Hoài Thu. |
| 260 | |a Hà Nội : |b Văn hoá Thông tin, |c 2008. | ||
| 300 | |a 378 tr. ; |c 20,5 cm. | ||
| 630 | 0 | 4 | |a Hoa ngữ. |
| 650 | 0 | 4 | |a Tiếng Hoa |x Dịch. |
| 700 | 1 | |a Trần, Hoài Thu. | |
| OWN | |a LNN | ||
| 902 | |a TKR | ||
| AVA | |a UDN50 |b LNN |c Chinese |e available |t Error 5001 Not defined in file expand_doc_bib_avail. |f 2 |g 0 |h N |i 0 |j TN | ||
| 999 | |a From the UDN01 | ||
| AVA | |a UDN50 |b LNN |c Chinese |e available |t Error 5001 Not defined in file expand_doc_bib_avail. |f 2 |g 0 |h N |i 0 |j TN | ||
| TYP | |a Monograph | ||
| TYP | |a Printed language | ||
| 980 | |a Mạng thư viện Đại học Đà Nẵng | ||